Countries of Africa Without Outlines Quiz Stats

Quiz Updated Dec 14, 2016

Challenge
Share
Tweet
Score 0/54 Timer 10:00
135 Plays Today
% Correct
Madagascar
84.9%
Egypt
84.3%
South Africa
84.2%
Morocco
83%
Libya
82.3%
Somalia
82.1%
Algeria
82%
Sudan
81.1%
Ethiopia
79.9%
Tunisia
79.9%
Mozambique
78.5%
Namibia
78.4%
Seychelles
77.6%
Cabo Verde
77.2%
Democratic
Republic
of the Congo
76.5%
São Tomé and Príncipe
76.1%
Nigeria
75.6%
Mauritania
75.2%
South Sudan
75%
Niger
74.9%
Kenya
74.9%
Chad
74.6%
Angola
74.6%
Botswana
73.2%
Mali
73.2%
Tanzania
73.2%
Comoros
73.1%
% Correct
Djibouti
72.7%
Eritrea
72.4%
Mauritius
71.3%
Senegal
71.2%
Central
African Republic
70.9%
Lesotho
70.8%
Uganda
69.9%
Cameroon
69.4%
Swaziland
69%
Côte
d'Ivoire
68.6%
Zimbabwe
68%
Ghana
67.1%
The Gambia
66.6%
Zambia
66.5%
Malawi
66.1%
Burkina Faso
65.8%
Benin
65.7%
Republic of the Congo
65%
Liberia
64.4%
Guinea
64.3%
Gabon
64%
Togo
63.5%
Burundi
63.4%
Equatorial Guinea
63.4%
Guinea-Bissau
61.7%
Sierra Leone
61.5%
Rwanda
61.4%

You're not logged in!

Compare scores with friends on all Sporcle quizzes.
Sign Up with Email
OR
Log In

You Might Also Like...

Show Comments

Extras

Top Quizzes Today


Score Distribution

Your Account Isn't Verified!

In order to create a playlist on Sporcle, you need to verify the email address you used during registration. Go to your Sporcle Settings to finish the process.